European whole-life costs (Record no. 72830)

MARC details
000 -LEADER
fixed length control field 00998cam a2200205 4500
001 - CONTROL NUMBER
control field ABS66766
008 - FIXED-LENGTH DATA ELEMENTS--GENERAL INFORMATION
fixed length control field 030605n2003 000 0 eng u
035 ## - SYSTEM CONTROL NUMBER
System control number (Sirsi) u122528
110 ## - MAIN ENTRY--CORPORATE NAME
Corporate name or jurisdiction name as entry element Franklin and Andrews
9 (RLIN) 2518
245 ## - TITLE STATEMENT
Title European whole-life costs
260 ## - PUBLICATION, DISTRIBUTION, ETC.
Date of publication, distribution, etc. 2003
490 ## - SERIES STATEMENT
Series statement Building
Volume/sequential designation 268(8285) 30 May 2003, 62-63(2)
520 ## - SUMMARY, ETC.
Summary, etc. Quantity surveying firm Franklin and Andrews' cost research unit has produced its annual study of whole-life costs in Europe, to aid the decision of where to locate. The most cost-efficient location for construction may not be the most cost-effective once the cost of ownership over the plant's lifetime has been taken into account. Areas looked at are construction costs, ownership costs, labour costs and productivity, time and usage factors and whole-life cost comparisons. Tables.
590 ## - LOCAL NOTE (RLIN)
Local note ABS
650 ## - SUBJECT ADDED ENTRY--TOPICAL TERM
Topical term or geographic name entry element WHOLE-LIFE COSTS
650 ## - SUBJECT ADDED ENTRY--TOPICAL TERM
Topical term or geographic name entry element PRODUCTIVITY
650 ## - SUBJECT ADDED ENTRY--TOPICAL TERM
Topical term or geographic name entry element EUROPE
690 ## - LOCAL SUBJECT ADDED ENTRY--TOPICAL TERM (OCLC, RLIN)
Topical term or geographic name as entry element BUILT ENVIRONMENT-BUILDING COSTS
942 ## - ADDED ENTRY ELEMENTS (KOHA)
Suppress in OPAC 0
Holdings
Withdrawn status Lost status Source of classification or shelving scheme Damaged status Not for loan Home library Current library Shelving location Date acquired Total Checkouts Full call number Barcode Date last seen Copy number Price effective from Koha item type
    Dewey Decimal Classification     London London Journal article 05/06/2003   ABS66766 122528-1001 06/08/2019 1 06/08/2019 Journal article